000 00718nam a2200277Ia 4500
005 20260324111935.0
008 008 260324s9999 xx 000 0 eng d
020 _a9781003361213
037 _aEBOOK
040 _aCRL
040 _beng
040 _cCRL
041 _2eng
041 _aeng
084 _qCRL
100 _aAlan V. Brown; Cori Crane; Beatrice C. Dupuy; Estela Ene
_91140641
245 4 _aThe Routledge Handbook of Language Program Development and Administration
260 _bTaylor and Francis
260 _c2025
365 _a
365 _b360
856 _uhttp://www.taylorfrancis.com/books/9781003361213
942 _cEBOOK
999 _c1729640
_d1729640